| 000 | 01077nam a22003137a 4500 | ||
|---|---|---|---|
| 003 | CHAP | ||
| 005 | 20220329135819.0 | ||
| 008 | 971013s1977 r 00010 d | ||
| 010 | _a42692 | ||
| 011 | _a43664 | ||
| 035 | _a47800 | ||
| 040 | _cCHAP | ||
| 090 | _aFolleto 9289 | ||
| 110 |
_aMéxico. Dirección General de Unidades de Riego para el Desarrollo Rural _977049 |
||
| 245 | _aFallas, causas y ... soluciones de equipos de combustión interna | ||
| 260 |
_aMéxico, D.F. : _bLa Dirección, _c(1977?) |
||
| 300 |
_aHoja desplegable _b: ilus |
||
| 490 |
_aFolleto de orientación técnia _v; 1-B |
||
| 590 |
_aBATCH-UPD _b10 _c20130110 _lUCH01 _h1337 |
||
| 590 |
_aBATCH-UPD _b10 _c20130410 _lUCH01 _h0840 |
||
| 590 |
_aBATCH-UPD _b10 _c20130914 _lUCH01 _h1832 |
||
| 590 |
_aCONVERSION _b10 _c20130109 _lUCH01 _h1323 |
||
| 650 | 1 | 4 |
_aMotores de combustión interna. _979098 |
| 650 | 1 | 4 |
_aMotores diesel. _979100 |
| 830 | 0 |
_aFolleto de orientación técnia _v; 1-B _942041 |
|
| 901 | _aBK | ||
| 942 | _cFOLL | ||
| 949 |
_aFolleto 9289 _bBC _cFOLL _d-108521 _eTS1 _i47800 _mD _si |
||
| 999 |
_c42692 _d42692 |
||